000 00849nam a2200265Ia 4500
008 160517s9999 xx 000 0 und d
020 _a978-981-0697-10-5
050 _aComSc TK 5103.8
050 _b.L49 2008
100 _aLewis, Wayne.
245 _aLAN switching and wireless :
245 _bCCNA exploration companion guide /
245 _cWayne Lewis.
260 _aSingapore :
260 _bPerson Educ. Asia Pte. Ltd.,
260 _c2008
300 _a497 pages :
300 _bill. ;
300 _c23 cm.
440 _aCisco Networking Academy series
500 _aIncludes index.
650 _aTelecomminucation -- Switching systems -- Examinations -- Study guides.
650 _aTelecommunications engineers -- Certification -- Examination --Study guides.
650 _xWireless LANs -- Examinations -- Study guides.
999 _c294198
_d294198